[Event "Canadian op U2400"]
[Site "Montreal"]
[Date "2014.07.25"]
[Round "8"]
[White "Gilbert, Erick"]
[Black "Beaulieu, Pierre"]
[Result "1/2-1/2"]
[WhiteElo "1946"]
[BlackElo "1858"]
[PlyCount "83"]
[EventDate "2014.07.19"]
[EventType "swiss"]
[EventRounds "9"]
[EventCountry "CAN"]
[SourceTitle "EXT 2022"]
[Source "ChessBase"]
[SourceDate "2021.10.06"]
[SourceVersion "1"]
[SourceVersionDate "2021.10.06"]
[SourceQuality "1"]

1. Nf3 b6 2. g3 Bb7 3. Bg2 f5 4. 0-0 Nf6 5. c4 e6 6. Nc3 Be7 7. d3 0-0 8. a3 a5 9. Qc2 Na6 10. Bf4 Nh5 11. Bd2 Qe8 12. d4 d6 13. g4 fxg4 14. Ng5 Bxg5 15. Bxb7 Bxd2 16. Qxd2 Ra7 17. Be4 c6 18. f4 d5 19. cxd5 cxd5 20. Bd3 Nc7 21. Rf2 Qe7 22. e3 Qh4 23. Ne2 Qe7 24. Rg2 Nf6 25. f5 Re8 26. Ng3 e5 27. Re2 e4 28. Bc2 h5 29. Rf2 Qd6 30. Ne2 Nh7 31. Nf4 Ng5 32. Kh1 Nf3 33. Qe2 Qh6 34. Rg2 Rf8 35. Ng6 Rf7 36. Bb3 Kh7 37. Rc1 Rxf5 38. Rc6 Rf6 39. Qc2 Qxg6 40. Rxc7 Rxc7 41. Qxc7 Rc6 42. Qd8 1/2-1/2

[Event "Quebec-ch Senior"]
[Site "Montreal"]
[Date "2014.02.08"]
[Round "2"]
[White "Brunet, Guy"]
[Black "Gilbert, Erick"]
[Result "0-1"]
[WhiteElo "1584"]
[BlackElo "1907"]
[PlyCount "56"]
[EventDate "2014.02.07"]
[EventType "swiss"]
[EventRounds "5"]
[EventCountry "CAN"]
[SourceTitle "EXT 2022"]
[Source "ChessBase"]
[SourceDate "2021.10.06"]
[SourceVersion "1"]
[SourceVersionDate "2021.10.06"]
[SourceQuality "1"]

1. d4 Nf6 2. Nf3 g6 3. Bf4 d6 4. e3 Bg7 5. Bc4 0-0 6. 0-0 c6 7. Nbd2 b5 8. Bb3 Nbd7 9. c3 Nb6 10. Re1 Bb7 11. h3 c5 12. dxc5 dxc5 13. Qe2 c4 14. Bc2 Nbd5 15. Bh2 Nd7 16. e4 N5b6 17. Rad1 Qc8 18. e5 Nc5 19. Ne4 Nxe4 20. Bxe4 Bxe4 21. Qxe4 e6 22. Rd4 Rd8 23. Red1 Qc7 24. Rxd8+ Rxd8 25. Rxd8+ Qxd8 26. Qd4 Qd5 27. Kf1 Bh6 28. Bf4 Qxd4 0-1

[Event "Montreal op U2000"]
[Site "Montreal"]
[Date "2011.09.11"]
[Round "4"]
[White "Cardin, Guillaume"]
[Black "Gilbert, Erick"]
[Result "1/2-1/2"]
[WhiteElo "1947"]
[BlackElo "1805"]
[PlyCount "99"]
[EventDate "2011.09.09"]
[EventType "swiss"]
[EventRounds "5"]
[EventCountry "CAN"]
[SourceTitle "EXT 2022"]
[Source "ChessBase"]
[SourceDate "2021.10.06"]
[SourceVersion "1"]
[SourceVersionDate "2021.10.06"]
[SourceQuality "1"]

1. d4 Nf6 2. c4 d5 3. cxd5 Nxd5 4. e4 Nb6 5. h3 e6 6. Nf3 c5 7. Nc3 cxd4 8. Nxd4 a6 9. Be3 Be7 10. a4 0-0 11. a5 N6d7 12. Bc4 Ne5 13. Bb3 Bg5 14. Bxg5 Qxg5 15. 0-0 Nec6 16. Kh1 Rd8 17. Nf3 Rxd1 18. Nxg5 Rxf1+ 19. Rxf1 h6 20. Nf3 Nxa5 21. Rd1 Nbc6 22. Bc2 b5 23. e5 Bb7 24. Rd7 Rd8 25. Rc7 Rc8 26. Rd7 Nb8 27. Rd4 Nc4 28. b3 Bxf3 29. bxc4 Nc6 30. Rd6 Nb4 31. Bb1 Bh5 32. cxb5 axb5 33. g4 Bg6 34. Bxg6 fxg6 35. Nxb5 Nd5 36. Rxe6 Nf4 37. Ra6 Re8 38. Nd6 Rxe5 39. Ra8+ Kh7 40. h4 Re7 41. Kh2 Ne6 42. Kg3 g5 43. h5 g6 44. hxg6+ Kxg6 45. Nf5 Rh7 46. Ra6 Kf6 47. Nd4 Re7 48. Kf3 Re8 49. Kg2 Ke5 50. Rxe6+ 1/2-1/2

[Event "Montreal op U2000"]
[Site "Montreal"]
[Date "2011.09.10"]
[Round "2"]
[White "Chesnut, Walter"]
[Black "Gilbert, Erick"]
[Result "0-1"]
[WhiteElo "1648"]
[BlackElo "1805"]
[PlyCount "116"]
[EventDate "2011.09.09"]
[EventType "swiss"]
[EventRounds "5"]
[EventCountry "CAN"]
[SourceTitle "EXT 2022"]
[Source "ChessBase"]
[SourceDate "2021.10.06"]
[SourceVersion "1"]
[SourceVersionDate "2021.10.06"]
[SourceQuality "1"]

1. e4 c5 2. Nf3 g6 3. d4 Bg7 4. c4 cxd4 5. Nxd4 Qb6 6. Nb3 d6 7. Be2 Nf6 8. Nc3 Nc6 9. 0-0 0-0 10. Be3 Qd8 11. Nd4 a6 12. Re1 Bd7 13. f3 Rc8 14. Nxc6 Bxc6 15. Qd2 Re8 16. Red1 Qa5 17. Bd4 Nh5 18. Bxg7 Kxg7 19. b3 Nf6 20. Nd5 Qxd2 21. Rxd2 Bxd5 22. exd5 Rc7 23. Rad1 a5 24. Kf2 Nd7 25. a3 Ra8 26. Bf1 b6 27. Re1 Nf6 28. Rde2 Kf8 29. g4 g5 30. a4 Re8 31. Re3 Nd7 32. Bd3 h6 33. Kg3 Nc5 34. Bf5 Kg7 35. h4 gxh4+ 36. Kxh4 e5 37. f4 f6 38. Kh5 Rce7 39. Bg6 Rd8 40. fxe5 fxe5 41. Rf1 e4 42. Rf5 Rh8 43. Rf4 Re5+ 44. Rf5 Rxf5+ 45. gxf5 Nd7 46. Kg4 Nf6+ 47. Kh4 Kf8 48. b4 Ke7 49. bxa5 bxa5 50. Rb3 Rd8 51. Kg3 Rd7 52. Kf4 Rc7 53. Rb5 Rxc4 54. Rxa5 Rc3 55. Bh5 Nxh5+ 56. Kxe4 Nf6+ 57. Kd4 Rc7 58. Ra8 h5 0-1

[Event "Quebec-ch qual2"]
[Site "Montreal"]
[Date "2006.05.21"]
[Round "4"]
[White "Gilbert, Erick"]
[Black "Lacroix, Serge"]
[Result "0-1"]
[WhiteElo "1860"]
[BlackElo "2030"]
[PlyCount "56"]
[EventDate "2006.05.19"]
[EventType "swiss"]
[EventRounds "5"]
[EventCountry "CAN"]
[SourceTitle "EXT 2007"]
[Source "ChessBase"]
[SourceDate "2006.11.23"]
[SourceVersion "1"]
[SourceVersionDate "2006.11.23"]
[SourceQuality "1"]

1. Nf3 Nf6 2. d4 c5 3. e3 e6 4. Bd3 d5 5. c3 b6 6. 0-0 Be7 7. Ne5 Bb7 8. Bb5+ Nbd7 9. Nc6 Bxc6 10. Bxc6 Rc8 11. Bb5 0-0 12. Bd3 e5 13. Bf5 Ra8 14. Nd2 Re8 15. Nf3 e4 16. Nd2 g6 17. Bh3 Bd6 18. f4 Qc7 19. b3 cxd4 20. Bxd7 Nxd7 21. Nb1 d3 22. Bb2 f5 23. Nd2 b5 24. Rc1 Bc5 25. Qe1 Qb6 26. Kf2 Qd6 27. b4 Qxf4+ 28. Nf3 Bb6 0-1

[Event "Quebec-ch qual1"]
[Site "Montreal"]
[Date "2006.05.07"]
[Round "4"]
[White "Gilbert, Erick"]
[Black "Le Duin, Thierry"]
[Result "1/2-1/2"]
[WhiteElo "1854"]
[BlackElo "2132"]
[PlyCount "137"]
[EventDate "2006.05.05"]
[EventType "swiss"]
[EventRounds "5"]
[EventCountry "CAN"]
[SourceTitle "EXT 2007"]
[Source "ChessBase"]
[SourceDate "2006.11.23"]
[SourceVersion "1"]
[SourceVersionDate "2006.11.23"]
[SourceQuality "1"]

1. Nf3 Nf6 2. g3 Nc6 3. Bg2 e5 4. d3 d5 5. 0-0 Be7 6. c4 0-0 7. Bg5 dxc4 8. dxc4 Be6 9. Nbd2 h6 10. Bxf6 Bxf6 11. Rc1 Bf5 12. e4 Bg4 13. Nb3 a5 14. Nc5 b6 15. Na4 Qe8 16. Nc3 Bg5 17. Nd5 Rc8 18. Qa4 Bxf3 19. Bxf3 Nd4 20. Qa3 Nxf3+ 21. Qxf3 Bxc1 22. Rxc1 Qd8 23. Qf5 Re8 24. Rd1 c6 25. Ne3 Qg5 26. Rd7 Qxf5 27. Nxf5 Rcd8 28. Rc7 c5 29. Ne7+ Kf8 30. Nd5 Rb8 31. a4 Re6 32. Kg2 g6 33. g4 f6 34. Rh7 Kg8 35. Rxh6 Kg7 36. Rh3 Rf8 37. Rf3 Rf7 38. h3 Re8 39. Rb3 Rb8 40. Rb5 f5 41. f3 fxg4 42. fxg4 Kh6 43. h4 Rbf8 44. Rb3 Rf2+ 45. Kg3 Rc2 46. Rxb6 Rxc4 47. Rb7 g5 48. h5 Rxe4 49. Ne7 Re3+ 50. Kg2 Re2+ 51. Kg3 Re3+ 52. Kg2 Ref3 53. Ng8+ Rxg8 54. Kxf3 Rf8+ 55. Kg3 Rf4 56. Rb5 Rxa4 57. Rxc5 e4 58. Re5 Ra2 59. Rxe4 Rxb2 60. Ra4 Rb5 61. Kf3 Kg7 62. Ke4 Kf6 63. Rd4 Ke6 64. Ra4 Kf6 65. Kd4 Re5 66. Kc3 Re3+ 67. Kd4 Re5 68. Rc4 Rb5 69. Ra4 1/2-1/2

[Event "Quebec-ch qual2"]
[Site "Montreal"]
[Date "2005.05.14"]
[Round "3"]
[White "Duplessis, Jean Roch"]
[Black "Gilbert, Erick"]
[Result "0-1"]
[WhiteElo "1644"]
[BlackElo "1927"]
[PlyCount "52"]
[EventDate "2005.05.13"]
[EventType "swiss"]
[EventRounds "5"]
[EventCountry "CAN"]
[SourceTitle "CBM 106 Extra"]
[Source "ChessBase"]
[SourceDate "2005.07.01"]
[SourceVersion "1"]
[SourceVersionDate "2005.07.01"]
[SourceQuality "1"]

1. e4 c5 2. Nf3 Nc6 3. d4 cxd4 4. Nxd4 g6 5. Be3 Nf6 6. Nc3 Bg7 7. Nxc6 bxc6 8. e5 Ng8 9. Bd4 Nh6 10. e6 Bxd4 11. Qxd4 0-0 12. exf7+ Nxf7 13. 0-0-0 e5 14. Qd2 d5 15. h4 Be6 16. f3 Rb8 17. Bd3 Qa5 18. b3 Qa3+ 19. Kb1 d4 20. Ne4 c5 21. Ng5 Nxg5 22. Qxg5 Rb6 23. Bxg6 Bxb3 24. Bd3+ Rg6 25. Bxg6 Bxa2+ 26. Ka1 Bf7+ 0-1

[Event "Sherbrooke op-A"]
[Site "Sherbrooke"]
[Date "2004.05.30"]
[Round "5"]
[White "Larochelle, Martial"]
[Black "Gilbert, Erick"]
[Result "1-0"]
[WhiteElo "2160"]
[BlackElo "1978"]
[PlyCount "51"]
[EventDate "2004.05.??"]
[EventType "swiss"]
[EventRounds "5"]
[EventCountry "CAN"]
[SourceTitle "EXT 2005"]
[Source "ChessBase"]
[SourceDate "2004.11.15"]
[SourceVersion "1"]
[SourceVersionDate "2004.11.15"]
[SourceQuality "1"]

1. g3 c5 2. c4 Nc6 3. Nc3 e6 4. Bg2 Nf6 5. Nf3 Be7 6. 0-0 0-0 7. d4 cxd4 8. Nxd4 a6 9. b3 Qc7 10. Bb2 b6 11. Rc1 Bb7 12. Nd5 Qd8 13. Nxe7+ Qxe7 14. Qd2 Rfd8 15. Rfd1 Rac8 16. Qe3 Ng4 17. Nxc6 Bxc6 18. Qxb6 Bxg2 19. Kxg2 Rc6 20. Qd4 f5 21. e4 fxe4 22. Qxe4 Nf6 23. Bxf6 Qxf6 24. Rxd7 Rxd7 25. Qxc6 Rf7 26. Rc2 1-0

[Event "Quebec-ch classe U2000"]
[Site "Repentigny"]
[Date "2003.11.22"]
[Round "3"]
[White "Gilbert, Erick"]
[Black "Gauthier, Denis"]
[Result "1/2-1/2"]
[WhiteElo "1949"]
[BlackElo "1967"]
[PlyCount "79"]
[EventDate "2003.11.21"]
[EventType "swiss"]
[EventRounds "5"]
[EventCountry "CAN"]
[SourceTitle "EXT 2022"]
[Source "ChessBase"]
[SourceDate "2021.10.06"]
[SourceVersion "1"]
[SourceVersionDate "2021.10.06"]
[SourceQuality "1"]

1. Nf3 Nf6 2. d4 e6 3. e3 b6 4. Bd3 Bb7 5. Nbd2 d5 6. 0-0 Be7 7. Ne5 0-0 8. f4 Ne4 9. f5 Nd7 10. Nxd7 Qxd7 11. Qg4 exf5 12. Qxf5 Qxf5 13. Rxf5 g6 14. Rf1 Nd6 15. Nf3 f6 16. Bd2 Ne4 17. Be1 Bd6 18. Nd2 f5 19. Nxe4 fxe4 20. Be2 Rxf1+ 21. Bxf1 Rf8 22. Be2 Bc8 23. a4 a5 24. Bb5 Bb7 25. Bd7 Kg7 26. Rc1 Rf7 27. Be6 Re7 28. Bg4 Bc6 29. b3 Bd7 30. Bxd7 Rxd7 31. c4 c6 32. cxd5 cxd5 33. Rc6 Bc7 34. Bg3 Bd8 35. Bd6 Kf7 36. Kf2 Ke8 37. Be5 Kf7 38. Rd6 Rxd6 39. Bxd6 Ke6 40. Be5 1/2-1/2

[Event "Quebec-ch qual 2"]
[Site "Montreal"]
[Date "2001.05.26"]
[Round "3"]
[White "Gilbert, Erick"]
[Black "Nunez, Omar"]
[Result "1/2-1/2"]
[WhiteElo "1805"]
[BlackElo "2049"]
[PlyCount "56"]
[EventDate "2001.05.25"]
[EventType "swiss"]
[EventRounds "5"]
[EventCountry "CAN"]
[SourceTitle "EXT 2022"]
[Source "ChessBase"]
[SourceDate "2021.10.06"]
[SourceVersion "1"]
[SourceVersionDate "2021.10.06"]
[SourceQuality "1"]

1. Nf3 f5 2. g3 Nf6 3. Bg2 d6 4. d4 c6 5. c3 Qc7 6. 0-0 e5 7. dxe5 dxe5 8. Qb3 Qe7 9. Be3 Be6 10. Qc2 Nbd7 11. b4 g6 12. Nbd2 f4 13. gxf4 Ng4 14. fxe5 Nxe3 15. fxe3 Bg7 16. Rad1 0-0 17. a3 Nxe5 18. Nxe5 Bxe5 19. Rxf8+ Rxf8 20. Nf3 Bb8 21. Qe4 Re8 22. Nd4 Qd6 23. Qf4 Qd7 24. Qh6 Bc4 25. Rf1 Qe7 26. Rf3 Be5 27. Rh3 Bf6 28. Qf4 Bg5 1/2-1/2